Central Library OPAC University of Rajshahi

লাল জুলাই : (Record no. 85301)

MARC details
000 -LEADER
fixed length control field 01121nam a2200253 a 4500
001 - CONTROL NUMBER
control field 85301
003 - CONTROL NUMBER IDENTIFIER
rucl marc code BD-RjUL
005 - DATE AND TIME OF LATEST TRANSACTION
control field 20250723160235.0
008 - FIXED-LENGTH DATA ELEMENTS--GENERAL INFORMATION
fixed length control field 250723s2025 bg ||||| |||| 00| 0 ben d
020 ## - INTERNATIONAL STANDARD BOOK NUMBER
International Standard Book Number 9789845370080 :
Terms of availability Tk. 550.00
035 ## - SYSTEM CONTROL NUMBER
System control number (BD-RjUL)85301
040 ## - CATALOGING SOURCE
Original cataloging agency BD-RjUL
Language of cataloging eng
Transcribing agency BD-RjUL
041 ## - LANGUAGE CODE
Language code of text/sound track or separate title ben
082 ## - DEWEY DECIMAL CLASSIFICATION NUMBER
Edition number 23
Classification number 371.81095492
Author mark and year PAL 2025
100 ## - MAIN ENTRY--PERSONAL NAME
Personal name পারভেজ, আলতাফ
9 (RLIN) 16236
245 ## - TITLE STATEMENT
Title লাল জুলাই :
Remainder of title চব্বিশের গন-অভুয়ত্থানের পথপরিক্রমা /
Statement of responsibility, etc. আলতাফ পারভেজ
260 ## - PUBLICATION, DISTRIBUTION, ETC. (IMPRINT)
Place of publication, distribution, etc. ঢাকা :
Name of publisher, distributor, etc. প্রথমা প্রকাশন,
Date of publication, distribution, etc. ২০২৫
300 ## - PHYSICAL DESCRIPTION
Pagination ২৩১ পৃ.;
Size ২২ সেমি.
650 ## - SUBJECT ADDED ENTRY--TOPICAL TERM
Topical term or geographic name as entry element ছাত্র আন্দোলন
Chronological subdivision জুলাই, ২০২৪
Geographic subdivision বাংলাদেশ
Topical term or geographic name as entry element Student movements
Chronological subdivision July, 2024
Geographic subdivision Bangladesh
9 (RLIN) 16131
Topical term or geographic name as entry element গণঅভ্যুত্থান
Chronological subdivision জুলাই, ২০২৪
Geographic subdivision বাংলাদেশ
Topical term or geographic name as entry element Mass uprising -- July, 2024 -- Bangladesh
9 (RLIN) 16173
942 ## - ADDED ENTRY ELEMENTS (KOHA)
Source of classification or shelving scheme Dewey Decimal Classification
Koha item type Books
Holdings
Lost status Source of classification or shelving scheme Damaged status Not for loan Collection code Permanent Location Current Location Shelving location Date acquired Cost, normal purchase price Total Checkouts Full call number Date last seen Copy number Koha item type Date checked out
  Dewey Decimal Classification   Not For Loan Non-fiction Central Library, University of Rajshahi Central Library, University of Rajshahi Reading Room 22/07/2025 413.00   B 371.81095492 PAL 2025 23/07/2025 C-1 Books  
  Dewey Decimal Classification     Non-fiction Central Library, University of Rajshahi Central Library, University of Rajshahi General Stacks 22/07/2025 413.00 1 B 371.81095492 PAL 2025 29/03/2026 C-2 Books 05/03/2026